| 000 | 00756cam a2200253 a 4500 | ||
|---|---|---|---|
| 001 | 000006156 | ||
| 003 | DO-SdBNP | ||
| 005 | 20170925124621.0 | ||
| 007 | 000006156 | ||
| 008 | 720516s 20uu ck 000 0 spa | ||
| 040 |
_aBPMSU _cspa _dBPMSU |
||
| 082 | 4 |
_aRD861.2 _bU75p |
|
| 100 | 1 | _aUreña de Henríquez, Salomé | |
| 245 | 1 | 0 |
_aSalomé : _bPoesías / _cSalomé Ureña de Henríquez |
| 260 |
_aSanto Domingo: _bMinisterio de Cultura _c[200?] |
||
| 300 |
_a9 p. ; _c21 cm. |
||
| 650 | 4 | _aPOESÍA DOMINICANA | |
| 650 | 4 | _aLITERATURA DOMINICANA | |
| 650 | 4 | _aLITERARURA DOMINICANA | |
| 930 | 1 |
_lBND01 _mLF1 _820090826 _f02 _pCT |
|
| 942 |
_2ddc _cBK |
||
| 945 | _aTitulo remanejado para la BNPHU | ||
| 956 |
_aVMATEO _b10 _c20150507 _lBMSU02 _h00151 |
||
| 999 |
_c7812 _d7812 |
||